Quick Pick: Stephen King Movies Quiz Stats

 Plays Quiz Updated Jul 20, 2018

Challenge
Share
Tweet
Embed
Score 0/15 Timer 01:00
0 Plays Today
% Correct
Carrie
96.6%
Pet Sematary
94.4%
It
93.7%
The Shining
92.7%
Cujo
92.3%
Misery
92.1%
The Green Mile
91.7%
The Shawshank Redemption
81.9%
% Correct
The Dead Zone
80.4%
Children of the Corn
79.3%
Stand By Me
78.9%
The Dark Tower
78.5%
Thinner
69%
The Running Man
64%
Cell
50%

Today's Daily Dose

Word Ladder
King of the...

Quick Pick
The Doors Songs

On This Day
August 17th II

You're not logged in!

Compare scores with friends on all Sporcle quizzes.
Join for Free
OR
Log In

You Might Also Like...

Show Comments

Extras

Top Quizzes Today


Score Distribution

Your Account Isn't Verified!

In order to create a playlist on Sporcle, you need to verify the email address you used during registration. Go to your Sporcle Settings to finish the process.

Report this User

Report this user for behavior that violates our Community Guidelines.

Details: